Catálogo - Centro de Recursos para el Aprendizaje y la Investigación

Volver al Sitio - CRAI Biblioteca

30 years annual report 2025 (Registro nro. 114568)

Detalles MARC
000 -CABECERA
campo de control de longitud fija 00751nam a2200217 4500
001 - NÚMERO DE CONTROL
campo de control 114568
003 - IDENTIFICADOR DEL NÚMERO DE CONTROL
campo de control DR-UNIBE
005 - FECHA Y HORA DE LA ÚLTIMA TRANSACCIÓN
campo de control 20260410110204.0
008 - DATOS DE LONGITUD FIJA--INFORMACIÓN GENERAL
campo de control de longitud fija 260410b2025 dr ||||| |||| 00| 0 spa d
040 ## - FUENTE DE LA CATALOGACIÓN
Centro catalogador/agencia de origen BIBLIOTECA UNIBE
Lengua de catalogación spa
Centro/agencia transcriptor BIBLIOTECA UNIBE
Normas de descripción RDA
041 ## - CÓDIGO DE LENGUA
Código de lengua del texto/banda sonora o título independiente spa
090 ## - LOCALMENTE ASIGNADO TIPO-LC NÚMERO DE CLASIFICACIÓN (OCLC); NÚMERO DE CLASIFICACIÓN LOCAL (RLIN)
Número de clasificación (OCLC) (R) ; Numero de clasificación, CALL (RLIN) (NR) FBIU-DRP NF D771t
110 10 - ENTRADA PRINCIPAL--NOMBRE DE ENTIDAD CORPORATIVA
Nombre de entidad corporativa o nombre de jurisdicción como elemento de entrada Dream Project
9 (RLIN) 204165
Término indicativo de función/relación autor
245 13 - MENCIÓN DE TÍTULO
Título 30 years annual report 2025
250 ## - MENCIÓN DE EDICIÓN
Mención de edición Primera edición
260 ## - PUBLICACIÓN, DISTRIBUCIÓN, ETC.
Lugar de publicación, distribución, etc. Cabarete, Puerto Plata:
Nombre del editor, distribuidor, etc. Dream Project,
Fecha de publicación, distribución, etc. 2025
653 07 - TÉRMINO DE INDIZACIÓN--NO CONTROLADO
Término no controlado Alfabetización - Cabarete, Puerto Plata - República Dominicana
653 07 - TÉRMINO DE INDIZACIÓN--NO CONTROLADO
Término no controlado Educación infantil - Cabarete, Puerto Plata - República Dominicana
653 07 - TÉRMINO DE INDIZACIÓN--NO CONTROLADO
Término no controlado Asistencia social - Cabarete, Puerto Plata - República Dominicana
942 ## - ELEMENTOS DE PUNTO DE ACCESO ADICIONAL (KOHA)
Fuente del sistema de clasificación o colocación Sistema de Clasificación Decimal Dewey
Tipo de ítem Koha Libro (general)
Existencias
Estado de retiro Estado de pérdida Fuente del sistema de clasificación o colocación No para préstamo Código de colección Localización permanente Fecha de adquisición Total de préstamos Signatura topográfica completa Código de barras Fecha visto por última vez Número de copia Precio válido a partir de Tipo de ítem Koha
  Disponible Sistema de Clasificación Decimal Dewey No se presta Fondo Bibliográfico IBBY-UNIBE Biblioteca Central UNIBE 11/02/2026   FBIU-DRP NF D771t FBIU0932 10/04/2026 Ej. 1 10/04/2026 Libro (reserva)